LEADER 01374oam 2200421zu 450 001 9910872952703321 005 20241212215150.0 035 $a(CKB)111055184247094 035 $a(SSID)ssj0000557994 035 $a(PQKBManifestationID)12272937 035 $a(PQKBTitleCode)TC0000557994 035 $a(PQKBWorkID)10559045 035 $a(PQKB)10237756 035 $a(NjHacI)99111055184247094 035 $a(EXLCZ)99111055184247094 100 $a20160829d2001 uy 101 0 $aeng 135 $aur||||||||||| 181 $ctxt 182 $cc 183 $acr 200 10$aAsia Pacific Magnetic Recording Conference, 2000 210 31$a[Place of publication not identified]$cI E E E$d2001 215 $a1 online resource (152 pages) 300 $aBibliographic Level Mode of Issuance: Monograph 311 08$a9780780362543 311 08$a0780362543 320 $aIncludes bibliographical references and index. 606 $aMagnetic recorders and recording 615 0$aMagnetic recorders and recording. 676 $a621.38932 712 02$aInstitute of Electrical and Electronics Engineers, Inc. Staff 712 12$aAsia-Pacific Magnetic Recording Conference $f(2000 :$eTokio, Japan) 801 0$bPQKB 906 $aPROCEEDING 912 $a9910872952703321 996 $aAsia Pacific Magnetic Recording Conference, 2000$92501003 997 $aUNINA